000 00503nam a22001577a 4500
020 _qHBK.
082 _a658
100 _aJunaid, Zubair Bin
245 _aApplication of Balanced Score Card in Non Governmental Organizations For Goal Setting
_cZubair Bin Junaid.
260 _aIslamabad;
_bNBS - NUST,
_c2014.
300 _a60 p. : ill. ;
_c30cm.
650 _aMBA Thesis.
_917629
700 _aMr. Kamran Khalid.
_917555
942 _2ddc
_cTHE
999 _c527644
_d527644